Hayat sayyidina Abu Talib / (Record no. 606814)
[ view plain ]
| 000 -LEADER | |
|---|---|
| fixed length control field | 00398nam a22001457a 4500 |
| 082 ## - DEWEY DECIMAL CLASSIFICATION NUMBER | |
| Classification number | 297.648 |
| Author Mark | HAY |
| 245 ## - TITLE STATEMENT | |
| Title | Hayat sayyidina Abu Talib / |
| Statement of responsibility, etc. | tartib Muhammad Zaman Saeedi Rizvi |
| 260 ## - PUBLICATION, DISTRIBUTION, ETC. | |
| Place of publication, distribution, etc. | Pakistan: |
| Name of publisher, distributor, etc. | Madina Foundation; |
| Date of publication, distribution, etc. | - |
| 300 ## - PHYSICAL DESCRIPTION | |
| Extent | 98p. |
| 563 ## - BINDING INFORMATION | |
| Binding note | PB |
| 650 ## - SUBJECT ADDED ENTRY--TOPICAL TERM | |
| Topical term or geographic name entry element | Biography |
| 650 ## - SUBJECT ADDED ENTRY--TOPICAL TERM | |
| Topical term or geographic name entry element | Companion |
| 700 ## - ADDED ENTRY--PERSONAL NAME | |
| Personal name | Muhammad Zaman Saeedi Rizvi |
| 942 ## - ADDED ENTRY ELEMENTS (KOHA) | |
| Source of classification or shelving scheme | |
| Koha item type | Book |
| 650 ## - SUBJECT ADDED ENTRY--TOPICAL TERM | |
| -- | 461 |
| 650 ## - SUBJECT ADDED ENTRY--TOPICAL TERM | |
| -- | 118631 |
| 700 ## - ADDED ENTRY--PERSONAL NAME | |
| -- | 119672 |
| Withdrawn status | Lost status | Source of classification or shelving scheme | Materials specified (bound volume or other part) | Damaged status | Not for loan | Permanent Location | Current Location | Date acquired | Source of acquisition | Full call number | Barcode | Date last seen | Price effective from | Koha item type |
|---|---|---|---|---|---|---|---|---|---|---|---|---|---|---|
| Donated by Rector Sectt NUST Islamabad | Central Library (CL) | Central Library (CL) | 11/22/2023 | Donation | 297.648 HAY | CL-D-2533 | 11/22/2023 | 11/22/2023 | Book |
